4000m+ Peaks of Valais - Statistics

General Stats
  • This quiz has been taken 37 times
  • The average score is 10 of 27
Answer Stats
Height (m) Answer % Correct
4478 Matterhorn
87%
4634 Dufourspitze
73%
4505 Weisshorn
73%
4357 Dent Blanche
53%
4546 Dom
53%
4160 Breithorn
43%
4225 Castor
43%
4089 Pollux
43%
4309 Grand Combin
40%
4158 Jungfrau
40%
4221 Zinalrothorn
40%
4027 Allalinhorn
37%
4173 Dent d'Herens
37%
4532 Lyskamm
33%
4491 Täschhorn
30%
4194 Aletschhorn
27%
4110 Mönch
27%
4327 Nadelhorn
27%
4199 Rimpfischhorn
27%
4206 Alphubel
23%
4274 Finsteraarhorn
23%
4010 Lagginhorn
23%
4063 Ober Gabelhorn
23%
4190 Strahlhorn
23%
4043 Gross Grünhorn
17%
4049 Gross Fiescherhorn
10%
4013 Wiessmies
0%
No matching quizzes found
Score Distribution
Percent of People with Each Score
Percentile by Number Answered
Your Score History
You have not taken this quiz